000 00450nam a22001577a 4500
999 _c17614
_d17614
003 OSt
005 20221114155340.0
008 221114b ||||| |||| 00| 0 eng d
040 _c0
100 _aVelasco, Myrna M.
_946788
245 _aSMC claims RTC jurisdiction over Ilijan case already upheld by higher courts /
260 _aPhilippines ;
_bManila Bulletin,
_cmARCH 4, 2020.
300 _apage B-5.
650 _aLaw.
_946789
942 _2ddc
_cPER